[Event "Memorial T.Petrosian"]
[Site "Erevan ARM"]
[Date "1986.??.??"]
[Round "?"]
[White "Taimanov, Mark E"]
[Black "Romanishin, Oleg M"]
[Result "1/2-1/2"]
[WhiteElo "2500"]
[BlackElo "2560"]
[PlyCount "26"]
[EventDate "1986.??.??"]
[Source "www.chesslib.no"]
[SourceDate "2004.05.04"]

1. Nf3 Nf6 2. b3 g6 3. Bb2 Bg7 4. g3 c5 5. c4 d6 6. Bg2 e5 7. O-O O-O 8. Nc3 Nc6 9. e3 Nh5 10. d3 f5 11. a3 a5 12. Nd2 Nf6 13. Nd5 Be6 1/2-1/2

[Event "73rd ch-UKR"]
[Site "Kharkiv"]
[Date "2004.08.24"]
[Round "1.1"]
[White "Eingorn, Vereslav S"]
[Black "Shishkin, Vadim"]
[Result "0-1"]
[WhiteElo "2596"]
[BlackElo "2463"]
[PlyCount "118"]
[EventDate "2004.08.03"]
[Source "Roberto Alvarez"]
[SourceDate "2004.09.06"]

1. Nf3 Nf6 2. c4 g6 3. b3 Bg7 4. Bb2 O-O 5. g3 d6 6. Bg2 e5 7. O-O c5 8. Nc3 Nc6 9. d3 Ne8 10. Qd2 Nc7 11. Ne1 f5 12. Nd5 Nxd5 13. Bxd5+ Kh8 14. f4 Qe7 15. Nc2 Bd7 16. e3 a5 17. a3 b6 18. Rae1 Rae8 19. b4 exf4 20. exf4 Qd8 21. Bc3 axb4 22. axb4 Ne7 23. Bxg7+ Kxg7 24. Qc3+ Kh6 25. Bf3 Ng8 26. Ne3 Qf6 27. Qxf6 Nxf6 28. b5 Rd8 29. Nd5 Nxd5 30. Bxd5 Rfe8 31. Rxe8 Rxe8 32. Ra1 Be6 33. Bf3 Bg8 34. Kf2 d5 35. d4 cxd4 36. cxd5 Kg7 37. Rd1 Kf6 38. Rxd4 Rd8 39. d6 Ke6 40. Bd5+ Kd7 41. Bc6+ Ke6 42. d7 Ke7 43. g4 Be6 44. g5 Bxd7 45. Rc4 Rc8 46. Bd5 Rxc4 47. Bxc4 Be6 48. Be2 Kd6 49. Ke3 Kc5 50. h4 Bc4 51. Bf3 Bxb5 52. h5 Bc4 53. h6 Bd5 54. Bd1 b5 55. Kd3 Bc4+ 56. Ke3 b4 57. Ba4 b3 58. Kd2 Kd4 59. Be8 Bd3 0-1

[Event "4th Open, Tanta City EGY"]
[Site "?"]
[Date "2001.??.??"]
[Round "7"]
[White "Mirzoev, A."]
[Black "Spasov, V."]
[Result "1/2-1/2"]
[WhiteElo "2485"]
[BlackElo "2570"]
[PlyCount "24"]
[EventDate "2001.??.??"]
[Source "www.chesslib.no"]
[SourceDate "2004.05.04"]

1. Nf3 Nf6 2. g3 g6 3. Bg2 Bg7 4. O-O O-O 5. c4 c5 6. Nc3 Nc6 7. d3 d6 8. Bd2 Rb8 9. a3 a6 10. Rb1 b5 11. cxb5 axb5 12. b4 cxb4 1/2-1/2

[Event "Geneve Open"]
[Site "Geneva SUI"]
[Date "1994.??.??"]
[Round "5"]
[White "Cvitan, Ognjen"]
[Black "Gallagher, Joseph G"]
[Result "1/2-1/2"]
[WhiteElo "2570"]
[BlackElo "2485"]
[PlyCount "38"]
[EventDate "1994.01.??"]
[Source "www.chesslib.no"]
[SourceDate "2004.05.04"]

1. Nf3 Nf6 2. g3 g6 3. b3 Bg7 4. Bb2 c5 5. c4 d6 6. Bg2 e5 7. O-O Nc6 8. Nc3 O-O 9. d3 Ne8 10. Nd2 Nc7 11. a3 a5 12. Rb1 Rb8 13. e3 Be6 14. Nd5 Ne7 15. Nxe7+ Qxe7 16. Bc3 b6 17. b4 axb4 18. axb4 b5 19. bxc5 dxc5 1/2-1/2

[Event "XII Open HIT 2007 - A"]
[Site "Nova Gorica SLO"]
[Date "2007.01.26"]
[Round "2"]
[White "Jovanovic, Zoran"]
[Black "Stevic, Hrvoje"]
[Result "1/2-1/2"]
[WhiteElo "2557"]
[BlackElo "2495"]
[PlyCount "24"]
[EventDate "2007.01.26"]
[Source "www.chesslib.no"]
[SourceDate "2004.05.04"]

1. c4 c5 2. Nf3 Nc6 3. g3 g6 4. Bg2 Bg7 5. O-O Nf6 6. Nc3 d6 7. a3 O-O 8. d3 a6 9. Rb1 Rb8 10. b4 cxb4 11. axb4 b5 12. cxb5 axb5 1/2-1/2

[Event "JUG-chT"]
[Site "Novi Sad"]
[Date "2000.08.27"]
[Round "4"]
[White "Neverov, Valeriy"]
[Black "Maksimenko, Andrei"]
[Result "1-0"]
[WhiteElo "2547"]
[BlackElo "2503"]
[PlyCount "90"]
[EventDate "2000.08.24"]
[Source "www.chesslib.no"]
[SourceDate "2004.05.04"]

1. c4 c5 2. Nf3 Nf6 3. Nc3 d5 4. cxd5 Nxd5 5. g3 Nc6 6. Nxd5 Qxd5 7. Bg2 g6 8. O-O Bg7 9. d3 O-O 10. Be3 Qd6 11. Rc1 Nd4 12. Nxd4 cxd4 13. Bf4 Be5 14. Bd2 a5 15. a3 Be6 16. Qa4 Bd7 17. Qb3 Ra6 18. f4 Bf6 19. Qd5 Qxd5 20. Bxd5 Rb8 21. Rc5 b5 22. Rfc1 e6 23. Rc7 Be8 24. Bb7 Ra7 25. Bf3 Rxc7 26. Rxc7 Bd8 27. Rc1 Kf8 28. Kf2 Bd7 29. b4 a4 30. g4 Ke8 31. g5 f6 32. Be4 Bb6 33. h4 Kf7 34. h5 Kg7 35. h6+ Kf8 36. e3 Ke7 37. Rc2 Rd8 38. exd4 Bxd4+ 39. Be3 Be8 40. Bxd4 Rxd4 41. Ke3 Rd6 42. Rc5 Bd7 43. d4 Be8 44. Bd3 Rb6 45. Ke4 Bd7 1-0

[Event "Ch (Men) Yerevan ARM"]
[Site "?"]
[Date "2006.03.22"]
[Round "7"]
[White "Minasian Artashes"]
[Black "Kotanjian Tigran"]
[Result "1/2-1/2"]
[WhiteElo "2574"]
[BlackElo "2471"]
[PlyCount "88"]
[EventDate "2006.??.??"]
[Source "www.chesslib.no"]
[SourceDate "2004.05.04"]

1. Nf3 c5 2. g3 Nc6 3. Bg2 g6 4. c4 Bg7 5. O-O d6 6. Nc3 Nf6 7. a3 O-O 8. d3 d5 9. cxd5 Nxd5 10. Bd2 Nc7 11. Rb1 a5 12. Na4 Na6 13. Qb3 Rb8 14. Qb6 Be6 15. b3 Bg4 16. Rfc1 Bxf3 17. Bxf3 Nd4 18. Qxd8 Nxf3+ 19. exf3 Rfxd8 20. Nxc5 Nxc5 21. Rxc5 Rxd3 22. Be3 b5 23. Kf1 e6 24. Ke2 Rdd8 25. Rc7 Bf8 26. Ra7 Bxa3 27. Rxa5 Bb4 28. Ra7 Rbc8 29. Rc1 Rxc1 30. Bxc1 Rc8 31. Bh6 Bf8 32. Bd2 Rb8 33. Be3 h5 34. h4 Rd8 35. Rb7 Rd5 36. f4 Bb4 37. Kf3 Bc3 38. Rc7 Ba5 39. Rc8+ Kg7 40. Ke2 Bb4 41. Rc7 Kf8 42. Rb7 Ke8 43. Kf3 Bc3 44. Rc7 Bb4 1/2-1/2

[Event "Szirak"]
[Site "Szirak"]
[Date "1986.??.??"]
[Round "?"]
[White "Pinter, Jozsef"]
[Black "Hazai, Laszlo"]
[Result "1/2-1/2"]
[WhiteElo "2555"]
[BlackElo "2480"]
[PlyCount "34"]
[EventDate "1986.09.??"]
[Source "ChessBase"]

1. Nf3 Nf6 2. g3 g6 3. b3 Bg7 4. Bb2 c5 5. Bg2 O-O 6. c4 Nc6 7. O-O d6 8. Nc3 a6 9. d4 cxd4 10. Nxd4 Bd7 11. Qd2 Qa5 12. Rfd1 Rfc8 13. Nxc6 Bxc6 14. Nd5 Qxd2 15. Nxf6+ Bxf6 16. Rxd2 Bxb2 17. Rxb2 Bxg2 1/2-1/2

[Event "RUS-ch"]
[Site "Elista"]
[Date "1996.??.??"]
[Round "7"]
[White "Shariyazdanov, Andrey"]
[Black "Solozhenkin, Evgeniy"]
[Result "1/2-1/2"]
[WhiteElo "2470"]
[BlackElo "2565"]
[PlyCount "47"]
[EventDate "1996.10.15"]
[Source "ChessBase"]

1. Nf3 Nf6 2. c4 c5 3. Nc3 Nc6 4. g3 g6 5. Bg2 Bg7 6. O-O O-O 7. d3 d6 8. a3 Bd7 9. Rb1 Rc8 10. b4 b6 11. Bd2 e6 12. Qc1 Nd4 13. bxc5 Nxf3+ 14. Bxf3 Rxc5 15. Nb5 Bxb5 16. Rxb5 Rxb5 17. cxb5 d5 18. Qc6 Re8 19. Rc1 Nd7 20. Bb4 Bd4 21. Qc7 Nc5 22. Qxd8 Rxd8 23. Rc2 a5 24. bxa6 1/2-1/2

[Event "Elista ol (Men)"]
[Site "Elista"]
[Date "1998.10.09"]
[Round "10"]
[White "Blatny, Pavel"]
[Black "Ye Jiangchuan"]
[Result "1/2-1/2"]
[WhiteElo "2520"]
[BlackElo "2510"]
[PlyCount "83"]
[EventDate "1998.09.29"]
[Source "ChessBase"]
[SourceDate "1998.11.06"]

1. Nf3 Nf6 2. b3 g6 3. Bb2 Bg7 4. g3 O-O 5. Bg2 c5 6. c4 Nc6 7. Nc3 e5 8. d3 d6 9. O-O a6 10. e3 h6 11. Ne1 Rb8 12. Nc2 Re8 13. Qd2 Bf5 14. e4 Bd7 15. f4 b5 16. Nd5 bxc4 17. Nxf6+ Bxf6 18. dxc4 Nd4 19. fxe5 dxe5 20. Qf2 Nxc2 21. Qxc2 Bg7 22. Qf2 Qe7 23. Bc3 Bc6 24. Ba5 Rf8 25. Rad1 f5 26. Qd2 Bxe4 27. Bxe4 fxe4 28. Qd5+ Kh7 29. Qxe4 Rxf1+ 30. Rxf1 Rf8 31. Rxf8 Qxf8 32. Kg2 Qd6 33. Qd5 Qf8 34. Qe6 Qa8+ 35. Qd5 Qf8 36. Qe4 Qd6 37. Bc3 Qd1 38. Bxe5 Qd2+ 39. Kg1 Qd1+ 40. Kf2 Qd2+ 41. Kf3 Qd1+ 42. Kf2 1/2-1/2

[Event "Clare Benedict Cup"]
[Site "Copenhagen DEN"]
[Date "1977.??.??"]
[Round "2.2"]
[White "Andersson, Ulf"]
[Black "Lehmann, Heinz G"]
[Result "1/2-1/2"]
[WhiteElo "2565"]
[BlackElo "2465"]
[PlyCount "77"]
[EventDate "1977.??.??"]
[Source "www.chesslib.no"]
[SourceDate "2004.05.04"]

1. c4 Nf6 2. Nf3 g6 3. g3 Bg7 4. Bg2 O-O 5. O-O d5 6. cxd5 Nxd5 7. Nc3 c5 8. Nxd5 Qxd5 9. d3 Nc6 10. Be3 Bxb2 11. Rb1 Bg7 12. Qa4 Qd7 13. Bxc5 b6 14. Be3 Nd4 15. Qd1 Bb7 16. Bxd4 Bxd4 17. Qb3 Bg7 18. Rfc1 e6 19. Nd2 Bxg2 20. Kxg2 Rac8 21. a4 h5 22. Qb5 Qb7+ 23. Nf3 Rxc1 24. Rxc1 Rc8 25. Rxc8+ Qxc8 26. Nd2 Qa8+ 27. Kg1 Qc8 28. Nc4 Bf6 29. Nd6 Qc1+ 30. Kg2 Qc7 31. Qe8+ Kg7 32. Nb5 Qb7+ 33. e4 Be7 34. Nd4 a6 35. Nc6 Ba3 36. d4 b5 37. d5 exd5 38. exd5 Bd6 39. Qe4 1/2-1/2

[Event "Timisoara"]
[Site "Timisoara"]
[Date "1987.??.??"]
[Round "?"]
[White "Kengis, Edvins"]
[Black "Gheorghiu, Florin"]
[Result "1/2-1/2"]
[WhiteElo "2485"]
[BlackElo "2540"]
[PlyCount "27"]
[EventDate "1987.05.??"]
[Source "www.chesslib.no"]
[SourceDate "2004.05.04"]

1. Nf3 c5 2. c4 Nf6 3. g3 g6 4. Bg2 Bg7 5. O-O O-O 6. Nc3 d5 7. cxd5 Nxd5 8. Nxd5 Qxd5 9. d3 Nc6 10. Be3 Bd7 11. Nd4 Qd6 12. Nxc6 Bxc6 13. Bxc6 Qxc6 14. Rc1 1/2-1/2

[Event "Budapest Nyar-A"]
[Site "Budapest"]
[Date "1998.??.??"]
[Round "9"]
[White "Acs, Peter"]
[Black "Gyimesi, Zoltan"]
[Result "1/2-1/2"]
[WhiteElo "2500"]
[BlackElo "2525"]
[PlyCount "36"]
[EventDate "1998.??.??"]
[Source "www.chesslib.no"]
[SourceDate "2004.05.04"]

1. Nf3 Nf6 2. g3 g6 3. Bg2 Bg7 4. O-O c5 5. c4 Nc6 6. Nc3 O-O 7. d3 a6 8. e4 d6 9. h3 Rb8 10. a4 Ne8 11. Be3 Nc7 12. d4 cxd4 13. Nxd4 Nxd4 14. Bxd4 Bxd4 15. Qxd4 b5 16. cxb5 axb5 17. a5 b4 18. Nd5 Ne6 1/2-1/2

[Event "Nojabrsk RUS"]
[Site "?"]
[Date "2005.03.11"]
[Round "10"]
[White "Iljin Artem"]
[Black "Kurnosov Igor"]
[Result "1/2-1/2"]
[WhiteElo "2482"]
[BlackElo "2538"]
[PlyCount "35"]
[EventDate "2005.??.??"]
[Source "www.chesslib.no"]
[SourceDate "2004.05.04"]

1. Nf3 Nf6 2. c4 g6 3. g3 Bg7 4. Bg2 O-O 5. O-O c5 6. Nc3 d5 7. cxd5 Nxd5 8. Nxd5 Qxd5 9. d3 Nc6 10. Be3 Bd7 11. Nd4 Qd6 12. Nxc6 Bxc6 13. Bxc6 Qxc6 14. Rc1 Qe6 15. Rxc5 Qxa2 16. Rb5 b6 17. Qa1 Qe6 18. Rc1 1/2-1/2

[Event "It"]
[Site "?"]
[Date "1990.??.??"]
[Round "3"]
[White "Csom Istvan"]
[Black "Van der Sterren Paul"]
[Result "1/2-1/2"]
[WhiteElo "2505"]
[BlackElo "2515"]
[PlyCount "42"]
[EventDate "1990.??.??"]
[Source "www.chesslib.no"]
[SourceDate "2004.05.04"]

1. Nf3 Nf6 2. c4 c5 3. g3 g6 4. b3 Bg7 5. Bb2 O-O 6. Bg2 Nc6 7. O-O d6 8. Nc3 Rb8 9. d4 cxd4 10. Nxd4 Bd7 11. Nd5 Nxd5 12. cxd5 Ne5 13. h3 Qb6 14. Qd2 Rfc8 15. Kh2 Be8 16. Rfc1 a5 17. e3 Qb4 18. Bc3 Qa3 19. Bb2 Qb4 20. Bc3 Qa3 21. Bb2 Qb4 1/2-1/2

[Event "Sarajevo"]
[Site "Sarajevo BIH"]
[Date "1971.??.??"]
[Round "13"]
[White "Bronstein, David I"]
[Black "Bogdanovic, Rajko"]
[Result "1/2-1/2"]
[WhiteElo "2590"]
[BlackElo "2430"]
[PlyCount "47"]
[EventDate "1971.??.??"]
[Source "www.chesslib.no"]
[SourceDate "2004.05.04"]

1. Nf3 Nf6 2. g3 g6 3. b3 Bg7 4. Bb2 O-O 5. Bg2 c5 6. c4 Nc6 7. O-O d6 8. Nc3 Bf5 9. d3 Qd7 10. Qd2 Bh3 11. d4 Bxg2 12. Kxg2 cxd4 13. Nxd4 a6 14. a4 Rfe8 15. e4 Qc7 16. Nd5 Nxd5 17. exd5 Nxd4 18. Bxd4 Bxd4 19. Qxd4 e5 20. dxe6 Rxe6 21. Rad1 Qc6+ 22. Qd5 Rc8 23. Rd3 Rf6 24. Rfd1 1/2-1/2

[Event "YUG-chT"]
[Site "?"]
[Date "1998.??.??"]
[Round "1"]
[White "Strikovic Aleksa"]
[Black "Brenjo Slavisa"]
[Result "0-1"]
[WhiteElo "2565"]
[BlackElo "2450"]
[PlyCount "82"]
[EventDate "1998.??.??"]
[Source "www.chesslib.no"]
[SourceDate "2004.05.04"]

1. Nf3 Nf6 2. g3 g6 3. b3 Bg7 4. Bb2 c5 5. c4 d6 6. Bg2 e5 7. O-O O-O 8. Nc3 Nc6 9. e3 Ne8 10. Ne1 Nc7 11. Nc2 f5 12. f4 Be6 13. Na4 e4 14. Bxg7 Kxg7 15. d3 exd3 16. Qxd3 Qe7 17. Rad1 Rad8 18. Rfe1 Qf6 19. Nc3 Rfe8 20. e4 a6 21. a3 Na5 22. e5 dxe5 23. fxe5 Qg5 24. Nd5 Bxd5 25. cxd5 f4 26. Qc3 b6 27. b4 Nb5 28. Qd2 Nc4 29. Qxf4 Qxf4 30. gxf4 g5 31. a4 Nc3 32. Rd3 gxf4 33. Rxc3 Nxe5 34. bxc5 bxc5 35. Rxc5 f3 36. d6 f2+ 37. Kxf2 Nd3+ 38. Kg3 Nxc5 39. Rd1 Kf6 40. Rd5 Re5 41. Rd4 Re2 0-1

[Event "Moscow RUS"]
[Site "?"]
[Date "2005.02.16"]
[Round "2"]
[White "Sambuev Bator"]
[Black "Smeets Jan"]
[Result "1/2-1/2"]
[WhiteElo "2536"]
[BlackElo "2475"]
[PlyCount "75"]
[EventDate "2005.??.??"]
[Source "www.chesslib.no"]
[SourceDate "2004.05.04"]

1. Nf3 Nf6 2. c4 g6 3. Nc3 d5 4. cxd5 Nxd5 5. g3 Bg7 6. Bg2 c5 7. O-O Nc6 8. d3 O-O 9. Bd2 b6 10. Qa4 Bb7 11. Rac1 Nd4 12. Nxd4 Bxd4 13. Bh6 Re8 14. Rfd1 e6 15. e3 Bh8 16. Nxd5 Bxd5 17. b4 Bxg2 18. Kxg2 cxb4 19. Qxb4 Qd5+ 20. e4 Qxa2 21. d4 Qe2 22. Be3 Rac8 23. Qa4 a5 24. Qd7 Rcd8 25. Qc6 Qa6 26. Rb1 Rb8 27. d5 Rec8 28. Qb5 Qxb5 29. Rxb5 exd5 30. exd5 a4 31. d6 a3 32. d7 Rf8 33. Rxb6 Ra8 34. Rbd6 Rfd8 35. Bb6 a2 36. Bxd8 Rxd8 37. Ra6 a1=Q 38. Raxa1 1/2-1/2

[Event "Krumbach Open"]
[Site "Krumbach"]
[Date "1991.??.??"]
[Round "9"]
[White "Zlochevskij, Alexander"]
[Black "Dautov, Rustem"]
[Result "0-1"]
[WhiteElo "2440"]
[BlackElo "2570"]
[PlyCount "54"]
[EventDate "1991.03.??"]
[Source "www.chesslib.no"]
[SourceDate "2004.05.04"]

1. Nf3 Nf6 2. c4 g6 3. b3 Bg7 4. Bb2 c5 5. g3 d6 6. Bg2 e5 7. O-O O-O 8. Nc3 Nc6 9. e3 Nh5 10. a3 f5 11. Rb1 f4 12. exf4 exf4 13. Nd5 Bxb2 14. Rxb2 Bg4 15. b4 Qd7 16. Qa4 Qg7 17. Nc3 fxg3 18. fxg3 Nd4 19. Ng5 Rxf1+ 20. Bxf1 Qe5 21. Nge4 Nf3+ 22. Kg2 Qd4 23. Nf2 Rf8 24. Nce4 Ne1+ 25. Kg1 Bf3 26. Rb3 Bxe4 27. Re3 Nf3+ 0-1

[Event "Jyvaskyla op2"]
[Site "Jyvaskyla"]
[Date "1996.??.??"]
[Round "6"]
[White "Bagirov, Vladimir"]
[Black "Rytshagov, Mikhail"]
[Result "1/2-1/2"]
[WhiteElo "2515"]
[BlackElo "2495"]
[PlyCount "32"]
[EventDate "1996.??.??"]
[Source "www.chesslib.no"]
[SourceDate "2004.05.04"]

1. Nf3 Nf6 2. c4 c5 3. Nc3 d5 4. cxd5 Nxd5 5. g3 Nc6 6. Bg2 g6 7. O-O Bg7 8. Nxd5 Qxd5 9. d3 O-O 10. Be3 Bd7 11. Nd4 Qd6 12. Nxc6 Bxc6 13. Bxc6 Qxc6 14. Rc1 Qe6 15. Rxc5 Qxa2 16. Rb5 Qa6 1/2-1/2

[Event "Slovenie (championnat)"]
[Site "?"]
[Date "2004.12.05"]
[Round "9"]
[White "Zaja Ivan"]
[Black "Sermek Drazen"]
[Result "1/2-1/2"]
[WhiteElo "2459"]
[BlackElo "2547"]
[PlyCount "20"]
[EventDate "2004.??.??"]
[Source "www.chesslib.no"]
[SourceDate "2004.05.04"]

1. Nf3 Nf6 2. g3 g6 3. Bg2 Bg7 4. O-O O-O 5. c4 c5 6. Nc3 Nc6 7. b3 b6 8. Bb2 Bb7 9. d3 d6 10. e4 e5 1/2-1/2

[Event "Hamburg TV-B"]
[Site "Hamburg"]
[Date "1982.??.??"]
[Round "1"]
[White "Lobron, Eric"]
[Black "Torre, Eugenio"]
[Result "0-1"]
[WhiteElo "2470"]
[BlackElo "2535"]
[PlyCount "154"]
[EventDate "1982.09.??"]
[Source "ChessBase"]

1. Nf3 Nf6 2. g3 g6 3. Bg2 Bg7 4. O-O O-O 5. c4 c5 6. Nc3 Nc6 7. d3 a6 8. a3 Rb8 9. Rb1 b5 10. cxb5 axb5 11. b4 cxb4 12. axb4 d6 13. Be3 Bd7 14. Qd2 Ng4 15. Bf4 e5 16. Bg5 f6 17. Qa2+ Kh8 18. Bd2 Re8 19. Rfc1 Be6 20. Qa6 Rb6 21. Qa3 Qd7 22. Rc2 d5 23. Qc1 f5 24. h3 e4 25. hxg4 exf3 26. Bxf3 Nd4 27. gxf5 Bxf5 28. Bxd5 Nxc2 29. Qxc2 Rc8 30. Qb3 Be6 31. Bxe6 Qxe6 32. Qxe6 Rxe6 33. Rb3 Kg8 34. Kf1 Bxc3 35. Bxc3 Rec6 36. Bd4 Rc1+ 37. Kg2 R1c2 38. e4 Ra8 39. Bc5 Raa2 40. Kh3 Kf7 41. Kg4 Rab2 42. Ra3 Ra2 43. Rxa2 Rxa2 44. f4 Ra3 45. d4 Re3 46. e5 h5+ 47. Kh4 Rd3 48. g4 hxg4 49. Kxg4 Ke6 50. Kg5 Rg3+ 51. Kh4 Rg2 52. Kh3 Rd2 53. Kg3 Kf5 54. Kf3 Ke6 55. Ke4 Re2+ 56. Kd3 Re1 57. Kd2 Re4 58. Kd3 Rxf4 59. Ke3 Rh4 60. Bf8 Kd5 61. Bc5 Re4+ 62. Kd3 g5 63. Be7 g4 64. Bh4 Rxd4+ 65. Ke3 Rxb4 66. Bg3 Re4+ 67. Kd3 Rxe5 68. Kc3 Re3+ 69. Kb4 Rxg3 70. Kxb5 Rc3 71. Kb4 Rc4+ 72. Kb3 g3 73. Kb2 g2 74. Kb3 g1=Q 75. Kb2 Qb6+ 76. Ka3 Rb4 77. Ka2 Ra4# 0-1

[Event "Plovdiv"]
[Site "Plovdiv"]
[Date "1984.??.??"]
[Round "1"]
[White "Taimanov, Mark E"]
[Black "Donchev, Dimitar I"]
[Result "1/2-1/2"]
[WhiteElo "2515"]
[BlackElo "2490"]
[PlyCount "136"]
[EventDate "1984.06.??"]
[Source "ChessBase"]

1. Nf3 Nf6 2. b3 g6 3. Bb2 Bg7 4. g3 c5 5. c4 d6 6. Bg2 e5 7. O-O Nc6 8. e3 O-O 9. Nc3 h6 10. Rc1 Bf5 11. d3 Qd7 12. Qe2 Bg4 13. Rfe1 Qf5 14. Nh4 Qh5 15. Bf3 Bxf3 16. Qxf3 Qxf3 17. Nxf3 Rfd8 18. Red1 b6 19. e4 a6 20. Ne1 b5 21. Nc2 Nd4 22. Kg2 bxc4 23. dxc4 h5 24. Ne3 Bh6 25. Rd3 a5 26. Rcd1 a4 27. bxa4 Rdb8 28. Bc1 Kg7 29. Rf1 Nd7 30. f4 Nb6 31. Nb5 Rxa4 32. Nxd6 Rxa2+ 33. Rd2 Ra6 34. Rb2 exf4 35. gxf4 Rba8 36. e5 Ra2 37. Rff2 Rxb2 38. Bxb2 Ra2 39. e6 Kf8 40. Nxf7 Bg7 41. Ne5 Nxe6 42. Nxg6+ Kf7 43. Bxg7 Rxf2+ 44. Kxf2 Kxg7 45. f5 Nd4 46. Nf4 h4 47. Nfg2 h3 48. Nh4 Nc6 49. Nf3 Kf6 50. Kg3 Nd4 51. Nh4 Kg5 52. Kxh3 Kf4 53. Nhg2+ Kg5 54. Kg3 Nxf5+ 55. Nxf5 Kxf5 56. Ne3+ Ke4 57. Kf2 Nd7 58. h4 Nf6 59. Ke2 Nh5 60. Nd5 Kd4 61. Nb6 Ke4 62. Kf2 Kf4 63. Nd7 Ke4 64. Kg2 Kd4 65. Nb6 Ke4 66. Kh3 Nf6 67. Kg3 Kf5 68. Kf3 Ne4 1/2-1/2

[Event "JUG Ch"]
[Site "Kladovo"]
[Date "1990.??.??"]
[Round "?"]
[White "Dizdar, Goran"]
[Black "Damljanovic, Branko"]
[Result "1/2-1/2"]
[WhiteElo "2470"]
[BlackElo "2535"]
[PlyCount "65"]
[EventDate "1990.02.??"]
[Source "www.chesslib.no"]
[SourceDate "2004.05.04"]

1. Nf3 c5 2. c4 Nf6 3. g3 Nc6 4. Bg2 g6 5. b3 Bg7 6. Bb2 d6 7. O-O e5 8. Nc3 O-O 9. d3 h6 10. Nd2 Be6 11. Nde4 Ne8 12. Nd5 Rb8 13. Nec3 a6 14. a3 b5 15. cxb5 axb5 16. b4 Qd7 17. e3 f5 18. f4 exf4 19. gxf4 Nf6 20. Qd2 Ne7 21. Nxf6+ Bxf6 22. Rac1 Kh7 23. Ne2 Bxb2 24. Qxb2 c4 25. Rfd1 cxd3 26. Rxd3 Bc4 27. Rd2 d5 28. Nd4 Rbd8 29. Bf3 Ng8 30. Ne2 Qe7 31. Qd4 Rfe8 32. Nc3 Nf6 33. Nd1 1/2-1/2

[Event "It (Open) Sevilla ESP"]
[Site "?"]
[Date "2006.01.10"]
[Round "4.2"]
[White "Campora Daniel H"]
[Black "Hoffman Alejandro"]
[Result "1/2-1/2"]
[WhiteElo "2541"]
[BlackElo "2461"]
[PlyCount "32"]
[EventDate "2006.??.??"]
[Source "www.chesslib.no"]
[SourceDate "2004.05.04"]

1. Nf3 Nf6 2. g3 g6 3. Bg2 Bg7 4. O-O O-O 5. c4 c5 6. Nc3 Nc6 7. d3 d6 8. a3 a5 9. Bd2 Bd7 10. Rb1 Qc8 11. Qc1 Bh3 12. Bh6 Bxg2 13. Kxg2 e6 14. Bxg7 Kxg7 15. e4 Re8 16. Re1 Ne5 1/2-1/2